History Quiz

Random History or World Quiz

Natural Wonders Quiz Stats

 Plays Quiz Updated Oct 3, 2018

Score 0/7 Timer 05:00
0 Plays Today
Location Wonder % Correct
United StatesGrand Canyon
90.3%
Tibet and NepalMount Everest
68.7%
AustraliaGreat Barrier Reef
60%
Zimbabwe/ZambiaVictoria Falls
37.9%
North PoleAurora Borealis
24.8%
BrazilHarbor of Rio de Janeiro
3.6%
MexicoParĂ­cutin Volcano
2.3%

You're not logged in!

Compare scores with friends on all Sporcle quizzes.
OR
Log In

Sporcle TV

Today on Sporcle TV


Watch our educational content, quiz creation guides, and fun videos on Sporcle TV.

Show Comments

Extras

Top Quizzes Today


Score Distribution

Your Account Isn't Verified!

In order to create a playlist on Sporcle, you need to verify the email address you used during registration. Go to your Sporcle Settings to finish the process.

Report this User

Report this user for behavior that violates our Community Guidelines.

Details: